Ιστορία της Βουλγαρίας

Αποθηκεύτηκε σε:
Λεπτομέρειες βιβλιογραφικής εγγραφής
Κύριος συγγραφέας: Moschopoulos, Nikephoros
Μορφή: Βιβλίο
Γλώσσα:Greek
Δημοσίευση: Αθήναι : Πυρσός, 1929
Θέματα:
Ετικέτες: Προσθήκη ετικέτας
Δεν υπάρχουν, Καταχωρήστε ετικέτα πρώτοι!

MARC

LEADER 00000cam a2200000 i 4500
001 1/4578
008 000530s1929 gr | ||| |||| ||gre||
035 |l 10061255 
040 |a GR-MY-UA  |b gre  |e aacr 
041 0 |a gre 
082 0 |a 949.9 
100 1 |a Moschopoulos, Nikephoros. 
245 1 0 |a Ιστορία της Βουλγαρίας /  |c Ν. Μοσχοπούλου 
260 |a Αθήναι :   |b Πυρσός,   |c 1929 
300 |a 103 σ.;  |b εικ., χάρτες;  |c 25 εκ. 
651 0 |a Bulgaria  |x History. 
852 |a INST  |b LESVOS  |e 20000530  |h 949.9 MOS  |p 005100020958  |q 005100020958  |t BK  |y 0 
901 |a BIBL1-2000-2 
909 |a Λ  |b 044472 
970 |z 2000/05/ΔΕΜΕΝΑΓΑΣ (ELIDOC)